00401nam a2200133Ia 4500003000400000008004100004040001600045082002200061100002800083245006500111490004600176650001900222650002600241GCL140319s9999 xx 000 0 ara d aGCL / cGCL04aطb813.02bم س1 aمصطفى عابدين10aسر البئر المهجور / cمصطفى عابدين aسلسلة الكنوز الخضراءv004aالاطفال04aقصص الاطفال